00426nam a22001457a 450000500170000000800410001702000280005804100130008608200130009910000130011224500420012526000570016730000300022465000260025420240619125823.0240619b |||||||| |||| 00| 0 eng d a040685159X ; 0406065012 aEnglish  a349 LAW  lEnglish  aThe All England Law Reports: Reprint  aLondon: bButterworth and Co. Publishers Ltd, c1996 bxx, 1028 pages; c25 cm.  aLegal practice bLaw